000 01022nam a22003017a 4500
003 CHAP
005 20220329140931.0
008 971013s1969 r 00010 d
010 _a60005
011 _a60977
035 _a65141
040 _cCHAP
082 _a972.5083
_bM4 1963-69
110 _aMéxico (Edo.) Gobernador,
_d1963-69 (Fernández Albarrán)
_976844
245 _aMemoria del sexenio 1963-1969
260 _a(México, D.F. :
_bs.e.),
_c(1969)
300 _as.p.
_b: ilus.
590 _aBATCH-UPD
_b10
_c20130110
_lUCH01
_h0546
590 _aBATCH-UPD
_b10
_c20130410
_lUCH01
_h0227
590 _aBATCH-UPD
_b10
_c20130914
_lUCH01
_h1355
590 _aCONVERSION
_b10
_c20130109
_lUCH01
_h1332
650 1 4 _aMéxico (Edo.)
_xPolítica y gobierno.
_976837
700 0 _aFernández Albarrán, Juan.
_940110
901 _aBK
942 _cLIBRO
949 _a972.5083 M4 1963-69
_bBC
_cLIBRO
_d-144270
_eLIBRO
_h13284
_i65141
_mD
_si
949 _a972.5083 M4 1963-69
_bBC
_cLIBRO
_d-144271
_eLIBRO
_fc.2
_h13285
_i65141
_mD
_si
999 _c60005
_d60005